000 00382nam a2200169Ia 4500
005 20250423100003.0
008 250422s9999 xx 000 0 und d
020 _a0- 596- 10209- 7
050 _aQA 76.73.C154 .L43/
100 _aJesse Liberty
245 0 _aLearning C# 2005
250 _a2nd
260 _bO'Reilly media
260 _c2006
300 _a528 p
942 _cBK
999 _c31944
_d31944